Normal view
MARC view
Entry Personal Name
001 - CONTROL NUMBER
- control field: 5030
003 - CONTROL NUMBER IDENTIFIER
- control field: ARRUPE
005 - DATE AND TIME OF LATEST TRANSACTION
- control field: 20131203190026.0
008 - FIXED-LENGTH DATA ELEMENTS
- fixed length control field: 131203|| aca||aabn | a|a d
040 ## - CATALOGING SOURCE
- Original cataloging agency: ARRUPE
- Transcribing agency: ARRUPE
100 ## - HEADING--PERSONAL NAME
- Personal name: Tillard, J.-M.-R.
- Fuller form of name: (Jean-Marie-Roger),
- Dates associated with a name: 1927-2000.
670 ## - SOURCE DATA FOUND
- Source citation: Work cat.: (ARRUPE)0: Tillard, J.-M.-R. (Jean-Marie-Roger), 1927-2000., I believe, despite everything :, c2003.